003060000a220007300045001000019000002450147000193000052001667730014002181 aNeira, Armando10aEl perseguido :Prisionero en su casa por las amenazas de muerte, Fabio Ospina Giraldo se erige en símbolo de la lucha contra la corrupción aVol. 44, Num. 44 (Abril, 1994), Páginas 14-190 tCambio 16